|
|
|
|
| LEADER |
00000nam2a2200000 4500 |
| 001 |
329446 |
| 005 |
20231102004148.0 |
| 035 |
|
|
|a (RuTPU)RU\TPU\book\355206
|
| 035 |
|
|
|a RU\TPU\book\355203
|
| 090 |
|
|
|a 329446
|
| 100 |
|
|
|a 20170314d1980 k y0rusy50 ca
|
| 101 |
0 |
|
|a rus
|
| 102 |
|
|
|a UA
|
| 105 |
|
|
|a a z 001zy
|
| 200 |
0 |
|
|a Вып. 37
|f отв. ред. С. А. Волотковский
|
| 210 |
|
|
|d 1980
|
| 215 |
|
|
|a 106 с.
|c ил.
|
| 320 |
|
|
|a Библиогр. в конце ст.
|
| 461 |
|
1 |
|0 (RuTPU)RU\TPU\book\158920
|t Горная электромеханика и автоматика
|o республиканский межведомственный научно-технический сборник
|v Вып. 37
|d 1965-1991
|
| 606 |
1 |
|
|a Горная электромеханика
|2 stltpush
|3 (RuTPU)RU\TPU\subj\7546
|9 35157
|
| 606 |
1 |
|
|a Автоматика
|2 stltpush
|3 (RuTPU)RU\TPU\subj\749
|9 29560
|
| 610 |
1 |
|
|a горная промышленность
|
| 610 |
1 |
|
|a электроснабжение
|
| 610 |
1 |
|
|a электрооборудование
|
| 610 |
1 |
|
|a производственные процессы
|
| 610 |
1 |
|
|a безопасность
|
| 610 |
1 |
|
|a защитные отключения
|
| 610 |
1 |
|
|a шахтные электрические сети
|
| 610 |
1 |
|
|a коммутационные перенапряжения
|
| 610 |
1 |
|
|a рудничные электровозы
|
| 610 |
1 |
|
|a тяговые двигатели
|
| 610 |
1 |
|
|a шахтная бесконтактная связь
|
| 610 |
1 |
|
|a горно-обогатительные фабрики
|
| 610 |
1 |
|
|a насосы
|
| 610 |
1 |
|
|a асинхронные двигатели
|
| 675 |
|
|
|a 622:621.3
|v 4
|
| 675 |
|
|
|a 681.51
|v 4
|
| 702 |
|
1 |
|a Волотковский
|b С. А.
|4 340
|
| 801 |
|
1 |
|a RU
|b 63413507
|c 20140510
|
| 801 |
|
2 |
|a RU
|b 63413507
|c 20170427
|g RCR
|
| 942 |
|
|
|c BK
|